Statistics for Answers Contain the Number Twelve

Click here to take the quiz!

General Stats

  • This quiz has been taken 52 times
  • The average score is 3 of 8

Answer Stats

ClueAnswer% Correct
A popular carol sung around a popular festive period12 Days of Christmas
84%
The critically acclaimed 2013 Best Picture Oscar goes to...12 Years a Slave
61%
What every dodecahedron has12 Faces
45%
These are used widely in astrology and horoscopes12 Signs of the Zodiac
34%
Magnificent rock stacks off the coast of Australia or
The foundation stones of Jesus' Church
12 Apostles
27%
One of the most prominent chord progressions in popular music12 Bar Blues
20%
A geographic group consisting of over 420 million people12 South American Countries
5%
One typically controversial board game has this many large real estate12 Hotels in a Monopoly set
5%

Score Distribution

Percentile by Number Answered

Percent of People with Each Score

Your Score History

You have not taken this quiz